What if you die tomorrow / (Record no. 28329)

MARC details
000 -LEADER
fixed length control field 00793nam a22002174a 4500
005 - DATE AND TIME OF LATEST TRANSACTION
control field 20090716150329.0
008 - FIXED-LENGTH DATA ELEMENTS--GENERAL INFORMATION
fixed length control field 081114s2009 ii a 000 0 eng
010 ## - LCCN (DPL NO)
LC control number ENG-94439
020 ## - INTERNATIONAL STANDARD BOOK NUMBER
International Standard Book Number 9788178127378
Terms of availability 120.00
035 ## - SYSTEM CONTROL NUMBER
System control number EN-77972
037 ## - SOURCE OF ACQUISITION
Source of stock number/acquisition DBAD / PUB
040 ## - CATALOGING SOURCE
Original cataloging agency dpl
Language of cataloging English
082 ## - DEWEY DECIMAL CLASSIFICATION NUMBER
Classification number 158.1
100 ## - MAIN ENTRY--PERSONAL NAME
Personal name AshokIndu
245 ## - TITLE STATEMENT
Title What if you die tomorrow /
Statement of responsibility, etc by AshokIndu
260 ## - PUBLICATION, DISTRIBUTION, ETC. (IMPRINT)
Place of publication, distribution, etc New Delhi
Name of publisher, distributor, etc Reader's Delight
Date of publication, distribution, etc (200?)
270 ## - ADDRESS
Address 12-H, New Daryaganj, Road, Opp. Traffic Kotwali,
City New Delhi
Postal code 110002
300 ## - PHYSICAL DESCRIPTION
Extent 320p.
Dimensions 21cm(pbk)
942 ## - ADDED ENTRY ELEMENTS (KOHA)
Source of classification or shelving scheme Dewey Decimal Classification
Item type English Books
Call number suffix ASH
Classification part 158.1
Holdings
Withdrawn status Lost status Source of classification or shelving scheme Damaged status Not for loan Collection code Home library Current library Date acquired Source of acquisition Cost, normal purchase price Total Checkouts Full call number Barcode Date last seen Copy number Cost, replacement price Koha item type
    Dewey Decimal Classification   Not For Loan Non-fiction D.B.Act.Division D.B.Act.Division 16/07/2009 DBAD / PUB 120.00   158.1 ASH EN-77972 16/07/2009 1 120.00 English Books

© Delhi Public Library
Hit Counter
free hit counter